000 01212nam0a2200313 4500
001 RU\NLR\BIBL_A\012121988
005 20191119162601.0
010 _a978-5-00030-681-9
_9700
021 _aRU
_bКН-П-19-071930
_9КН-П-19-5184
035 _a(NLR Aleph) 012121988
035 _a(RuMoRGB)010102182
090 _a11998203
_c11998203
100 _a20191016d2020 u y0rusy50 ca
101 0 _arus
102 _aRU
105 _aa|||z|||000zy
200 1 _aО чем говорят медицинские анализы
_eсправочное пособие
_fВ. С. Камышников
205 _a6-е изд.
210 _aМосква
_cМЕДпресс-информ
_d2020 [т. е. 2019]
215 _a292 с.
_cтабл.
_d16
300 _aКн. фактически изд. в 2019 г.
606 1 _aЛабораторная диагностика
_xАнализ данных
_jСправочники
_2nlr_sh2
_3RU\NLR\AUTH\661407574
686 1 _aР345я22
700 1 _aКамышников
_bВ. С.
_gВладимир Семенович
942 _cBOOK
980 _aNBR
980 _aNB